000 00574pam a2200217 a 4500
001 4785990
005 20180309090927.0
008 870526s1988 pauaf d 001 0 eng c
010 _a 87013732
020 _a0803644957 (soft)
040 _aDNLM/DLC
_cDLC
_dDLC
041 _aeng
060 _aW 15 G996m
080 _a610.14
082 0 0 _a610.14 GYL
_219
100 1 _a4
101 _aSHM
245 1 0 _aMedical terminology :
_cBarbara A. Gylys, Mary Ellen Wedding.
906 _a7
_bcbc
_corignew
_d1
_eocip
_f19
_gy-gencatlg
942 _2ddc
_cBK
999 _c44628
_d44628